000 00385nam a22001577a 4500
005 20200528111944.0
008 200528b xxu||||| |||| 00| 0 eng d
041 _aeng
082 _a340
100 _aBARE ACT
_95744
245 _aTHE CATTLE - TRESPASS, ACT 1871 (1 OF 1871)
260 _aDELHI
_bPROFESSIONALS BOOK PUBLISHERS
300 _a19;p
650 _aLAW
_95701
942 _cBK
999 _c6573
_d6571